Geology basics for engineers
Saved in:
| Hovedforfatter: | |
|---|---|
| Format: | Bog |
| Sprog: | engelsk |
| Udgivet: |
Boca Ratón
CRC Press
2009
|
| Udgivelse: | 1a. ed |
| Fag: | |
| Tags: |
Tilføj Tag
Ingen Tags, Vær først til at tagge denne postø!
|
MARC
| LEADER | 00000cam a2200000 a 4500 | ||
|---|---|---|---|
| 001 | UCE0838 | ||
| 003 | CL-VaPUC | ||
| 008 | 140307e20090000us |||||||||||||||||eng|d | ||
| 020 | |a 9780415461658 | ||
| 082 | 0 | 4 | |a 624.151 |b PAR |2 21 |
| 100 | 0 | |a Parriaux, Aurele |e author |9 573214 | |
| 245 | 1 | 0 | |a Geology basics for engineers |
| 250 | |a 1a. ed | ||
| 300 | |a 571 p | ||
| 942 | |c BK | ||
| 945 | |d 20140307 11:03:00 |a dcastane | ||
| 260 | |a Boca Ratón |b CRC Press |c 2009 | ||
| 500 | |a Incluye CD | ||
| 650 | 7 | |a GEOLOGIA APLICADA |2 CL-VaPUC |9 262496 | |
| 650 | 7 | |a GEOLOGIA BASICA |2 CL-VaPUC |9 360600 | |
| 650 | 0 | |a Geología dinámica |9 360601 | |
| 650 | 0 | |a Hidrogeología |9 262905 | |
| 650 | 7 | |a ESTATIGRAFIA |2 CL-VaPUC |9 360602 | |
| 583 | |a last modification |c 20140307 11:03:00 |k Rodrigo Vera | ||
| 999 | |c 354854 |d 354852 | ||
| 952 | |0 0 |1 0 |3 erb |4 0 |6 624_151000000000000_PAR_2009 |7 0 |8 A |9 461066 |a BIBING |b BIBING |i 5060435 |l 2 |o 624.151 PAR 2009 |p 5060435 |r 2025-04-21 |s 2025-04-21 |w 2019-11-23 |y BK |z Catalogado en:20140307 |k EIQ | ||
| 952 | |0 0 |1 0 |3 erb |4 0 |6 624_151000000000000_PAR_2009 |7 0 |8 A |9 461067 |a BIBING |b BIBING |i 5060443 |l 1 |o 624.151 PAR 2009 |p 5060443 |r 2025-01-20 |s 2022-08-29 |w 2019-11-23 |y BK |z Catalogado en:20140307 |k EIQ | ||
| 952 | |0 0 |1 0 |3 erb |4 0 |6 624_151000000000000_PAR_2009 |7 0 |8 A |9 461068 |a BIBING |b BIBING |i 5060508 |o 624.151 PAR 2009 |p 5060508 |r 2025-01-20 |w 2019-11-23 |y BK |z Catalogado en:20140307 |k EIQ | ||
| 952 | |0 0 |1 0 |3 erb |4 0 |6 624_151000000000000_PAR_2009 |7 0 |8 A |9 461069 |a BIBING |b BIBING |i 5060516 |o 624.151 PAR 2009 |p 5060516 |r 2025-01-20 |w 2019-11-23 |y BK |z Catalogado en:20140307 |k EIQ | ||
| 952 | |0 0 |1 0 |3 erb |4 0 |6 624_151000000000000_PAR_2009 |7 0 |8 A |9 461070 |a BIBING |b BIBING |i 5089522 |o 624.151 PAR 2009 |p 5089522 |r 2025-01-20 |w 2019-11-23 |y BK |z Catalogado en:20140710 |k EIQ | ||